• 首页
  • 本馆介绍
  • 公告通知
  • 最新文献
  • 馆藏检索
  • 电子资源
  • 读者导购
  • 参考咨询
  • 我的图书馆
  • 登录
  • 详细信息显示
  • 放入我的书架
  • 预约/预借图书
  • 作者相关作品
  • 分类相关作品
  • 丛书相关作品
  • 出版社相关作品

书目信息

  • 表格格式
  • 工作单格式
  • 卡片格式
题名:
农田基本建设中的定向爆破
    
 
作者: ;陕西省水土保持局 , 西安冶金建筑学院 编
分册:  
出版信息: 北京   水利电力出版社  1978.10
页数: 472页
开本: 21cm
丛书名:
单 册:
中图分类: TV542
科图分类:
主题词: 水利工程--各种
电子资源:
ISBN:
000 00716nam0 2200217 45
001 0310151519
005 20060314143118.23
010    @dCNY1.45
091    @a15143.3370
100    @a20031015d1978 km y0chiy0120 ea
101 0  @achi
105    @aae z 000yy
200 1  @a农田基本建设中的定向爆破@ANong Tian Ji Ben Jian She Zhong De Ding Xiang Bao Po@f陕西省水土保持局,西安冶金建筑学院编@FShan Xi Sheng Shui Tu Bao Chi Ju,Xi An Ye Jin Jian Zhu Xue Yuan Bian
210    @a北京@c水利电力出版社@d1978.10
215    @a472页@c图表@d21cm
606 0  @a水利工程@x各种
690    @aTV542@v3
711 02 @a陕西省水土保持局@4编
711 02 @a西安冶金建筑学院@4编
801    @aCN@bTSTC@c20060314
905    @f1@b4699@dTV542@e1
    
    农田基本建设中的定向爆破/陕西省水土保持局,西安冶金建筑学院编.-北京:水利电力出版社,1978.10
    472页:图表;21cm
    
    
    ISBN :CNY1.45
    
●
相关链接 在E读中查询图书 在五车中查询图书 在当当中查询图书 在豆瓣中查询图书


正题名:农田基本建设中的定向爆破     索取号:TV542/1         预约/预借

序号 登录号 条形码 馆藏地/架位号 状态 备注
1 0004699   001849334   第三借阅区/ [索取号:TV542/1] 在馆    
2 0004701   202206004   密集书库/ [索取号:TV542/1] 在馆    
唐山师范学院图书馆 欢迎您!
大连网信软件有限公司© 版权所有